नो-ऑयल कुकिंग (Record no. 54333)
[ view plain ]
| 000 -LEADER | |
|---|---|
| fixed length control field | 00472nam a22001577a 4500 |
| 003 - CONTROL NUMBER IDENTIFIER | |
| control field | MACL |
| 005 - DATE AND TIME OF LATEST TRANSACTION | |
| control field | 20160716165619.0 |
| 008 - FIXED-LENGTH DATA ELEMENTS--GENERAL INFORMATION | |
| fixed length control field | 160716b xxu||||| |||| 00| 0 eng d |
| 040 ## - CATALOGING SOURCE | |
| Transcribing agency | MACL |
| 041 ## - LANGUAGE CODE | |
| Language code of text/sound track or separate title | Hindi |
| 082 ## - DEWEY DECIMAL CLASSIFICATION NUMBER | |
| Classification number | 641 KAP |
| 100 ## - MAIN ENTRY--PERSONAL NAME | |
| Personal name | कपूर, संजीव |
| 9 (RLIN) | 64566 |
| 245 ## - TITLE STATEMENT | |
| Title | नो-ऑयल कुकिंग |
| Statement of responsibility, etc. | संजीव कपूर |
| 260 ## - PUBLICATION, DISTRIBUTION, ETC. (IMPRINT) | |
| Place of publication, distribution, etc. | मु्ंबई |
| Name of publisher, distributor, etc. | पॉप्युलर प्रकाशन |
| 942 ## - ADDED ENTRY ELEMENTS (KOHA) | |
| Source of classification or shelving scheme | |
| Koha item type | Hindi Books |
| Withdrawn status | Lost status | Source of classification or shelving scheme | Damaged status | Not for loan | Home library | Current library | Date acquired | Total Checkouts | Total Renewals | Full call number | Barcode | Date last seen | Date last checked out | Price effective from | Koha item type |
|---|---|---|---|---|---|---|---|---|---|---|---|---|---|---|---|
| MACL | MACL | 16/07/2016 | 3 | 1 | 641 KAP | DPI000516 | 03/06/2025 | 21/05/2025 | 16/07/2016 | Hindi Books |









